000 00564nam a2200193Ia 4500
005 20250508162144.0
008 008 250505s9999 xx 000 0 eng d
037 _aTextual
040 _aFEDL
_beng
_cFEDL
041 _aeng
_2eng
084 _a376, BLU
_qFEDL
100 _aBlumberg Rhoda Lois
245 0 _aIndia's educated women: Options and constraints
260 _aDelhi, India
_bHindustan Publishing Corporation
_c1980
300 _aix,172p.
700 _a Dwaraki Leela
_9772454
942 _cTEXL
_h376, BLU
999 _c1374699
_d1374699